000 00308nam a22001337a 4500
008 170504b xxu||||| |||| 00| 0 eng d
020 _a9781422407936
041 _aeng
080 _22ND
_a34
100 _a15
101 _aSHJ
245 _aUNDERSTANDING THE FIRST AMENDMENT
_cWEAVER, R.L
942 _2udc
_cBK
999 _c12716
_d12716